<?xml version="1.0" encoding="UTF-8"?>
<marc:record xmlns:marc="http://www.loc.gov/MARC21/slim">
   <marc:leader>00000nam a2200000 a 4500</marc:leader>
   <marc:datafield ind1="1" ind2=" " tag="100">
      <marc:subfield code="a">Waldner, Annegret</marc:subfield>
      <marc:subfield code="4">aut</marc:subfield>
      <marc:subfield code="e">Verfasser/-in</marc:subfield>
   </marc:datafield>
   <marc:datafield ind1=" " ind2=" " tag="653">
      <marc:subfield code="a">Softcover / Geschichte/Kulturgeschichte</marc:subfield>
   </marc:datafield>
   <marc:datafield ind1=" " ind2=" " tag="653">
      <marc:subfield code="a">Hugenotten</marc:subfield>
   </marc:datafield>
   <marc:datafield ind1=" " ind2=" " tag="653">
      <marc:subfield code="a">Waldenser</marc:subfield>
   </marc:datafield>
   <marc:datafield ind1=" " ind2=" " tag="653">
      <marc:subfield code="a">Hessen</marc:subfield>
   </marc:datafield>
   <marc:datafield ind1=" " ind2=" " tag="653">
      <marc:subfield code="a">Flucht</marc:subfield>
   </marc:datafield>
   <marc:datafield ind1=" " ind2=" " tag="653">
      <marc:subfield code="a">18. Jahrhundert</marc:subfield>
   </marc:datafield>
   <marc:datafield ind1="0" ind2="0" tag="245">
      <marc:subfield code="a">Der Nebel steigt vom Boden auf</marc:subfield>
   </marc:datafield>
   <marc:datafield ind1="0" ind2="0" tag="245">
      <marc:subfield code="b">eine Suche</marc:subfield>
   </marc:datafield>
   <marc:datafield ind1="0" ind2="0" tag="245">
      <marc:subfield code="c">Annegret Waldner</marc:subfield>
   </marc:datafield>
   <marc:datafield ind1=" " ind2="1" tag="264">
      <marc:subfield code="a">Innsbruck</marc:subfield>
      <marc:subfield code="b">Studia Universitätsverlag Innsbruck</marc:subfield>
      <marc:subfield code="c">2025</marc:subfield>
   </marc:datafield>
   <marc:datafield ind1=" " ind2=" " tag="250">
      <marc:subfield code="a">1. Auflage</marc:subfield>
   </marc:datafield>
   <marc:datafield ind1="1" ind2=" " tag="520">
      <marc:subfield code="a">Amelie Lebeau kehrt gemeinsam mit ihrem Lebenspartner in der Pension in ihr heimatliches Dorf in Oberhessen zurück. Sie

setzen ein altes Schäferhaus, das sich schon bald dreihunderte Jahre im Familienbesitz befindet, instand. Nach dem Tod ihres

Partners findet Amelie Anschluss an eine frühere Gruppe von Jugendfreundinnen und vertieft sich in ihre Familiengeschichte, die

sie über mehr als dreihundert Jahre rückverfolgen kann. Ihr Dorf wurde ursprünglich als landgräfliche Stiftung für Hugenotten-

und Waldenserflüchtlinge im frühen 18. Jahrhundert angelegt.

Die Aufarbeitung der Lebensgeschichten ihrer Vorfahren birgt für Amelie viele Überraschungen, jedoch auch beängstigende, wenn

nicht bedrohliche Aspekte, die über sie hereinzubrechen drohen. Die Auseinandersetzung mit dem Leben ihres Vaters als Wehrmachtssoldaten wiederum öffnet für sie ebenfalls ungeahnte Einsichten, die die Erwartungen an ihre eigene Zukunft von Grund auf erschüttern sollen.
</marc:subfield>
   </marc:datafield>
   <marc:datafield ind1=" " ind2=" " tag="020">
      <marc:subfield code="a">9783991050681</marc:subfield>
      <marc:subfield code="9">9783991050681</marc:subfield>
   </marc:datafield>
   <marc:datafield ind1=" " ind2=" " tag="020">
      <marc:subfield code="a">3991050684</marc:subfield>
      <marc:subfield code="9">3991050684</marc:subfield>
   </marc:datafield>
   <marc:datafield ind1=" " ind2=" " tag="041">
      <marc:subfield code="a">ger</marc:subfield>
   </marc:datafield>
   <marc:datafield ind1=" " ind2=" " tag="300">
      <marc:subfield code="a">304 Seiten</marc:subfield>
   </marc:datafield>
</marc:record>
